[Event "Open13 06/07"]
[Site "?"]
[Date "2006.12.02"]
[Round "2"]
[White "Cortes, Antoine"]
[Black "Girard, Jean-Pierre"]
[Result "1/2-1/2"]
[WhiteElo "2158"]
[BlackElo "1973"]
[PlyCount "129"]

1. e4 c5 2. Nc3 Nc6 3. Nge2 d6 4. d4 cxd4 5. Nxd4 Nf6 6. Bc4 e6 7. Be3 Be7 8.
Qe2 O-O 9. O-O-O Ne5 (9... a6 10. Bb3 Qc7 $11) 10. Bb3 a6 11. f4 Neg4 12. e5
Nxe3 13. exf6 Nxd1 14. fxe7 Qxe7 15. Rxd1 $16 Qf6 16. Qd2 d5 17. Nf3 b5 18. Ne5
Ra7 19. Qd4 Rc7 20. Nf3 Qxd4 21. Rxd4 Bd7 22. a4 Rfc8 23. axb5 axb5 24. Rb4 Kf8
25. Kd2 Ke7 26. Ne5 Be8 27. Bxd5 $2 (27. Nxb5 Rb7 28. Nd6 Rxc2+ (28... Rxb4 29.
Nxc8+ Kd8 30. Nd6 Rxf4 31. Ke3 $14) 29. Bxc2 Rxb4 30. Nd3 Rb8 31. Nxe8 Rxe8 $14
) 27... Rxc3 (27... Rd8 28. Rd4 exd5 29. Nxd5+ Kf8 30. c3 Ra7 $15) 28. bxc3
exd5 $11 29. Nf3 g6 30. Nd4 Rb8 31. Rb1 Kd6 32. Ra1 b4 33. Ra7 Bd7 34. Ra6+ Ke7
35. cxb4 Rxb4 36. Kc3 Rc4+ 37. Kd3 Rc8 38. Ra7 Kd6 39. g4 Rc7 (39... Bxg4 40.
Rxf7 Rh8 $11) 40. Rxc7 $14 Kxc7 41. g5 Kd6 42. c3 Ke7 43. Nb3 Bb5+ 44. Kd4 Bc4
$6 (44... Kd6 $14) 45. Nd2 Ke6 $2 (45... Ba2 46. Ke5 $16 Kd7 47. Nf1 Kc6 48.
Ne3 Kc5 49. h4 Bb3 50. Ng4 Kc4 51. Nf6 Kxc3 52. Nxd5+ Kd3 53. Nf6 Ke3 54. Nxh7
Kf3 55. Nf6 Kg3 56. h5 gxh5 57. Nxh5+ Kg4 58. Ng7) 46. Nxc4 $18 dxc4 47. Kxc4
Kf5 48. Kd4 Kxf4 {#} 49. c4 $4 (49. h4 $1 {gagne} Kg4 50. Ke5 (50. c4 Kxh4 51.
c5 Kxg5 52. c6 $18) 50... Kxh4 51. Kf6 $18) 49... Kxg5 50. c5 (50. Ke5 {
n'est pas clair} f6+ $1 (50... f5 $4 51. c5 f4 52. h4+ $1 Kg4 (52... Kxh4 53.
Kxf4 g5+ 54. Kf3 $18) 53. c6 f3 54. c7 f2 55. c8=Q+ Kg3 56. Qc4 Kg2 57. Qg4+
Kf1 58. Ke4 $18) 51. Kd5 f5 52. c5 f4 53. c6 f3 54. c7 f2 55. c8=Q f1=Q 56. Qb8
$17 {mais il semble que les Blancs peuvent obtenir la nulle.}) (50. Kd5 f5 51.
c5 f4 52. c6 f3 53. c7 f2 54. c8=Q f1=Q 55. Qb8 $17 {idem}) 50... Kf6 $15 (
50... f5 $4 51. c6 $18) 51. Kd5 Ke7 52. Kc6 f5 53. Kb7 f4 54. c6 f3 55. c7 f2
56. c8=Q f1=Q 57. Qc7+ Kf8 58. Qxh7 Qf7+ 59. Qxf7+ Kxf7 60. Kc6 Kf6 61. Kd5 Kf5
62. Kd4 Kf4 63. Kd5 g5 64. Ke6 g4 65. Kf6 1/2-1/2

[Event "Open13 06/07"]
[Site "?"]
[Date "2006.12.02"]
[Round "2"]
[White "Milesi, Laurent"]
[Black "Madranges, Julien"]
[Result "1-0"]
[WhiteElo "2110"]
[BlackElo "1929"]
[PlyCount "73"]
[EventDate "2006.??.??"]

1. e4 d5 2. exd5 Qxd5 3. Nc3 Qa5 4. d4 c6 5. Bc4 Bf5 6. Bd2 e6 7. Qe2 Nf6 (7...
Bxc2 8. d5 Qb6 9. dxe6 fxe6 (9... f6 10. Bc1 Bf5 11. Nf3 $16) 10. Qxe6+ Ne7 $16
(10... Be7 $2 11. Qf7+ Kd8 12. Qxg7 Qxb2 13. Rc1 Bf6 14. Qf8+ Kc7 15. Nge2 $18)
) 8. d5 $14 cxd5 9. Nxd5 Qd8 10. Nxf6+ Qxf6 11. O-O-O Nc6 12. Bc3 Qg6 13. h3
Bb4 (13... Qxg2 14. Nf3 Bc5 15. Rh2 Qg6 16. Rg1 Qh6+ 17. Bd2 g5 18. Rxg5 O-O-O
19. Rxf5 Rxd2 20. Qxd2 Qxd2+ 21. Nxd2 exf5 22. Bxf7 $16) 14. Bxb4 $14 Nxb4 15.
Qd2 Nd5 16. g4 $6 Be4 17. f3 $6 Bxc2 $1 18. Bxd5 $2 (18. Re1 Rc8 19. Qxc2 (19.
Qxd5 O-O 20. Qh5 (20. Qd4 Rfd8 21. Qc3 b5 $19) (20. Qb5 Bd3 $19) 20... Rxc4 21.
Qxg6 Bxg6+ $19) 19... Qxc2+ 20. Kxc2 Rxc4+ $19) 18... Bxd1 $19 19. Be4 f5 20.
gxf5 exf5 21. Bd3 Ba4 22. Qe3+ Kd8 23. Ne2 Bc6 (23... Qf6 $1 24. Qd2 Rc8+ 25.
Kb1 Bd7 26. Bb5 Rc7 $19) 24. Rd1 $17 Kc8 25. Qc5 Qh6+ 26. Kb1 g6 $4 {
coupe la protection du Bc6} (26... Re8 27. Bxf5+ Kb8 28. Nd4 a5 29. Rc1 Qf6 30.
Nxc6+ Qxc6 31. Qd4 Qf6 $15) 27. Bb5 $2 (27. Nd4 $1 Qf8 (27... g5 28. Bxf5+ $18
{suivi du mat}) 28. Qe5 Qe8 29. Ne6 $18) (27. Ba6 $1 g5 28. Rd6 $18) 27... Qf8
$6 (27... Rd8 28. Rxd8+ Kxd8 29. Bxc6 bxc6 30. Qxc6 Rc8 31. Qd6+ Ke8 32. Qe6+
Kd8 33. Qd6+ Ke8 $11) 28. Rd6 $6 (28. Qc3 $1 Qe8 29. Nd4 $18) 28... Kc7 $1 $11
29. Rxc6+ bxc6 30. Qxc6+ Kb8 31. Ba6 Qe7 $2 (31... Qb4 $1 32. Qd7 Qb6 33. Nd4
Qxa6 34. Nc6+ Qxc6 35. Qxc6 Rc8 $11) 32. a4 $4 (32. Nd4 $1 Qe1+ (32... Qb4 33.
Qd7 $18 {suivi du mat}) (32... Rd8 33. Qb5+ Kc7 34. Qb7+ Kd6 35. Qb4+ Kd5 (
35... Kd7 36. Bb5+ Kc8 37. Qxe7 $18) 36. Qxe7 $18) 33. Kc2 Qf2+ 34. Kd3 Qf1+
35. Ne2 Rd8+ 36. Ke3 f4+ 37. Kxf4 Rf8+ 38. Ke5 Rf5+ 39. Ke6 $18 {
et les Noirs doivent donner la Q pour éviter le mat}) 32... Rd8 $1 $11 33. Nc3
$1 Qd7 34. Qc5 (34. Qc4 Qd4 35. Qb5+ Qb6 36. Qe5+ Rd6 37. Qe8+ Qd8 38. Qb5+ Qb6
39. Qe8+ $11) 34... Re8 35. a5 Qe6 $4 (35... g5 36. Qc4 (36. Nd5 $2 Re1+ 37.
Kc2 Qa4+ 38. Kd3 Qb3+ 39. Kd4 Qxb2+ $19) 36... Re1+ 37. Kc2 Re8 38. Kb1 $11)
36. Nd5 $1 Qe1+ (36... Qd7 37. Qb4+ Qb7 38. Qxb7#) 37. Ka2 $18 {suivi du mat}
1-0

[Event "Open13 06/07"]
[Site "?"]
[Date "2006.12.02"]
[Round "2"]
[White "Estevez, Eric"]
[Black "Lenfant, Francois"]
[Result "1/2-1/2"]
[WhiteElo "1940"]
[BlackElo "2106"]
[PlyCount "105"]

1. e4 d6 2. d4 Nf6 3. Nc3 Nbd7 4. Nf3 e5 5. Bd3 Be7 6. O-O O-O 7. Ne2 Re8 8.
Kh1 h6 9. b4 d5 10. Ng3 dxe4 11. Bxe4 Nxe4 12. Nxe4 exd4 13. Qxd4 Nf6 14. Nc5
b6 15. Nd3 Bb7 16. Qf4 Bd6 17. Nfe5 Bxe5 18. Nxe5 Bxg2+ $6 (18... g5 19. Qg3
Ne4 20. Qe3 Rxe5 21. Bb2 $19) 19. Kxg2 Qd5+ 20. Nf3 Re4 21. c4 Rxc4 22. Rd1
Rxf4 23. Rxd5 Nxd5 $19 24. Bxf4 Nxf4+ 25. Kf1 Rd8 26. Rc1 Ne6 27. Ne5 c5 28.
Nc6 Rd7 29. b5 Kf8 30. Rc3 Nd8 31. Nb8 Rb7 32. Na6 Ne6 33. a4 Nc7 (33... Rd7
$19) 34. Ke2 Nxa6 35. bxa6 Rc7 36. Kd3 c4+ 37. Kd4 Rc5 38. f4 Ke7 39. h4 Kf6
40. Rxc4 Rxc4+ 41. Kxc4 $19 Ke6 42. f5+ Ke5 $4 (42... Kxf5 43. Kd5 g5 44. hxg5
hxg5 45. Kc6 g4 46. Kb7 g3 47. Kxa7 g2 48. Kb7 g1=Q 49. a7 Qg2+ $19) 43. Kb5
Kxf5 44. Kc6 g5 45. hxg5 hxg5 (45... h5 46. Kb7 h4 47. Kxa7 h3 48. Kb8 h2 49.
a7 h1=Q 50. a8=Q Qxa8+ 51. Kxa8 Kxg5 52. Ka7 f5 53. Kxb6 f4 54. a5 f3 55. a6 f2
56. a7 $11) 46. Kb7 g4 47. Kxa7 g3 48. Kb8 g2 49. a7 g1=Q 50. a8=Q Qc5 51. Qf3+
Ke6 52. Qb3+ Ke7 53. Kb7 1/2-1/2

[Event "Open13 06/07"]
[Site "?"]
[Date "2006.12.02"]
[Round "2"]
[White "Pieri, Thierry"]
[Black "Busson, Benoist"]
[Result "0-1"]
[WhiteElo "1927"]
[BlackElo "2053"]
[PlyCount "50"]
[EventDate "2006.??.??"]

1. e4 e6 2. d4 d5 3. Nd2 Be7 4. Bd3 dxe4 5. Nxe4 Nf6 6. Nf3 Nbd7 7. O-O (7.
Nxf6+ Nxf6 8. Bg5 $14) 7... O-O 8. b3 (8. Qe2 b6 9. Nxf6+ Nxf6 $14) 8... Nxe4
9. Bxe4 Nf6 $11 10. Bd3 b6 11. c4 Bb7 12. Ne5 c5 13. dxc5 Bxc5 14. Bb2 Qc7 15.
Qe2 Rad8 16. Rad1 a5 17. h4 Ba8 18. Kh1 Qb7 19. f4 Qe7 20. h5 $2 (20. Ng4 Ne8
21. Qe1 $11) (20. Kh2 Rd6 (20... Ne4 21. g3 Nd6 $11) 21. Ng4 Ne4 22. g3 f5 $11)
20... Ne4 (20... Nd5 $3 21. Bxh7+ (21. Nf3 Ne3 $19) 21... Kh8 22. Nf3 Ne3 23.
Bd3 Bxf3 24. Rxf3 Nxd1 $19) 21. Qg4 $17 (21. Qe1 $2 Bb4 $19) 21... f5 22. Qh3
Nf2+ 23. Rxf2 Bxf2 24. Ng6 $2 (24. Rf1 Bc5 25. Kh2 $17) 24... hxg6 $19 25. hxg6
Qh4 0-1

[Event "Open13 06/07"]
[Site "?"]
[Date "2006.12.02"]
[Round "2"]
[White "Thiers, Jean-Jacques"]
[Black "Lecoq-Bernard, Francois"]
[Result "0-1"]
[WhiteElo "1680"]
[BlackElo "2000"]
[PlyCount "96"]

1. e4 e5 2. Nf3 d6 3. Nc3 Nf6 4. Bc4 Be7 5. O-O O-O 6. Re1 Nbd7 7. a3 c6 8. d4
Qc7 9. Bg5 b6 10. Qe2 Bb7 11. Rad1 a6 12. d5 c5 13. Nh4 b5 14. Bb3 Nb6 15. Nf5
Bc8 16. Qf3 Bxf5 17. exf5 c4 18. Bxf6 cxb3 19. cxb3 $4 (19. Bxe7 bxc2 20. Bxf8
cxd1=Q 21. Rxd1 Rxf8 $14) 19... Bxf6 20. Ne4 Qe7 21. g4 Rac8 22. Qe3 Nd7 $6 (
22... Qc7 $19) 23. g5 Bxg5 24. Nxg5 Rc2 25. Rd4 $6 (25. f4 Rxb2 26. Qg3 $17)
25... h6 $19 26. Nf3 Qf6 27. Qd3 Rxf2 $6 (27... Rxb2 $19) 28. Kxf2 $17 exd4 29.
b4 Ne5 30. Qe4 Nxf3 31. Kxf3 Rc8 32. Re2 Rc1 33. Rd2 Rf1+ 34. Ke2 Rxf5 35. Qxd4
Qxd4 36. Rxd4 Rh5 $19 37. h4 Kf8 38. Re4 $2 (38. Kf3 $19) 38... Re5 39. Ke3 Ke7
40. b3 Rxe4+ (40... f5 $1 41. Rxe5+ dxe5 $19) 41. Kxe4 Kf6 42. a4 g5 43. h5 g4
44. Kf4 g3 45. Kxg3 Kg5 46. axb5 axb5 47. Kf3 Kxh5 48. Kf4 Kg6 0-1

[Event "Open13 06/07"]
[Site "?"]
[Date "2006.12.02"]
[Round "2"]
[White "Anton, Jose"]
[Black "Madranges, Jean"]
[Result "1-0"]
[WhiteElo "1977"]
[BlackElo "1910"]
[PlyCount "58"]

1. e4 e6 2. Nf3 b6 3. d4 Bb7 4. Bd3 c5 5. c3 Nf6 6. Qe2 Be7 7. O-O Nc6 8. a3
Na5 9. Nbd2 c4 10. Nxc4 Nxc4 11. e5 Nxe5 12. Nxe5 d6 13. Bb5+ Kf8 14. Nc6 Qc7
15. Nxe7 Kxe7 16. Bg5 h6 17. Bh4 g5 18. Bg3 Ne4 19. Bd3 f5 20. Rae1 Qc8 21. h3
Qg8 22. Bh2 d5 23. f3 Nd6 24. Bxd6+ Kxd6 25. Qe5+ Kd7 26. Bb5+ Bc6 27. Bxc6+
Kxc6 28. Qxe6+ Qxe6 29. Rxe6+ Kd7 1-0

[Event "Open13 06/07"]
[Site "?"]
[Date "2006.12.02"]
[Round "2"]
[White "Sintes, Marc"]
[Black "Scamaroni, Jean-Paul"]
[Result "1-0"]
[WhiteElo "2096"]
[BlackElo "1820"]
[PlyCount "71"]

1. Nf3 Nf6 2. c4 g6 3. Nc3 Bg7 4. e4 d6 5. d4 c6 6. h3 O-O 7. Be3 Re8 8. Be2
Na6 9. O-O Nc7 10. Qc2 b6 11. Rfd1 Nd7 12. Rac1 e6 13. e5 d5 14. cxd5 Nxd5 15.
Nxd5 cxd5 16. Qc7 h6 17. Bb5 Qe7 18. Bc6 Rb8 19. Qxa7 Rd8 20. a3 Bb7 21. Qa4
Ra8 22. Qb3 Bxc6 23. Rxc6 Rdc8 24. Rdc1 Rxc6 25. Rxc6 Qe8 26. Qc2 Rb8 27. h4
Nc5 28. Rc7 Qd8 29. Ra7 Nb7 30. b4 Rc8 31. Qd2 Rc7 32. Bxh6 Qf8 33. Bxg7 Qxg7
34. Ra8+ Kh7 35. Ng5+ Kh6 36. Nxe6+ 1-0

[Event "Open13 06/07"]
[Site "?"]
[Date "2006.12.02"]
[Round "2"]
[White "Jouet, Philippe"]
[Black "Nakache, Jonathan"]
[Result "1/2-1/2"]
[WhiteElo "1920"]
[BlackElo "2140"]
[PlyCount "59"]

1. d4 Nf6 2. Nf3 g6 3. Nbd2 Bg7 4. e4 d6 5. Bd3 O-O 6. O-O Nbd7 7. Qe2 e5 8. c3
Qe7 9. Nb3 Ne8 10. Be3 f5 11. Bg5 Bf6 12. Bh6 Ng7 13. Qc2 f4 14. g3 g5 15. h3
Qe8 16. g4 Qg6 17. Bxg7 Kxg7 18. Kg2 h5 19. Nh2 Rh8 20. f3 Nf8 21. Rh1 Qf7 22.
d5 Ng6 23. Kf2 Bd7 24. Rag1 Rh7 25. Ke1 Rah8 26. Qg2 Nh4 27. Qc2 hxg4 28. fxg4
Bd8 29. Rf1 Ng2+ 30. Qxg2 $18 1/2-1/2

[Event "Open13 06/07"]
[Site "?"]
[Date "2006.12.02"]
[Round "2"]
[White "Colandrea, Sauveur"]
[Black "Robe, Pierre"]
[Result "0-1"]
[WhiteElo "1904"]
[BlackElo "1830"]
[PlyCount "74"]

1. d4 f5 2. g3 Nf6 3. Bg2 g6 4. Nh3 Bg7 5. O-O O-O 6. c3 d6 7. Qb3+ d5 8. f3
Nc6 9. Nd2 Kh8 10. Nf4 Na5 11. Qc2 Qe8 12. e4 fxe4 13. fxe4 dxe4 14. Nxe4 Nxe4
15. Qxe4 e5 16. Re1 Bf5 17. Qd5 Nc6 18. Qb5 Nxd4 19. Qxe8 Raxe8 20. Nxg6+ Bxg6
21. cxd4 e4 (21... exd4 $1 $19) 22. Be3 c6 23. b4 Rf5 24. a4 Rd5 25. Red1 Red8
26. Rac1 Bxd4 27. Bxd4+ Rxd4 28. Rxd4 Rxd4 29. b5 Rxa4 30. bxc6 bxc6 31. Rxc6
a5 32. Re6 Kg7 33. Kf2 Kf7 34. Ra6 Ra2+ 35. Kf1 a4 36. Ra7+ Kf6 37. Ra6+ Ke5
0-1

[Event "Open13 06/07"]
[Site "?"]
[Date "2006.12.02"]
[Round "2"]
[White "Thomet, Yannick"]
[Black "Regaud, Denis"]
[Result "1/2-1/2"]
[WhiteElo "2040"]
[BlackElo "1670"]
[PlyCount "116"]

1. d4 Nf6 2. e3 d5 3. Bd3 c5 4. c3 e6 5. Nd2 Nbd7 6. f4 Bd6 7. Ngf3 b6 8. Ne5
Bb7 9. Qf3 Qe7 10. O-O O-O 11. g4 g6 12. Qg2 Ne8 13. g5 Ng7 14. Ndf3 c4 15. Bc2
b5 16. Nh4 Nf5 17. Qh3 Nxh4 18. Qxh4 f5 19. Rf3 Nxe5 20. fxe5 Bc7 21. Qg3 Rf7
22. h4 a5 23. Rf2 b4 24. a4 b3 25. Bd1 Bc6 26. Qf3 Bd8 27. Be2 Qd7 28. h5 Ra7
29. hxg6 hxg6 30. Rg2 Rh7 31. Bd2 Bxa4 32. Rf1 Bb5 33. Qf2 a4 34. Bf3 a3 35.
bxa3 Rxa3 36. Bc1 Ra2 37. Bb2 Rh3 38. Bg4 Rh8 39. Bf3 Qh7 40. Rg3 Qh4 41. Rb1
Ba5 42. Qg2 Bc6 43. Be2 Be8 44. Rf3 Qe4 45. Ra1 Rxa1+ 46. Bxa1 Qb1+ 47. Rf1 Qa2
48. Bf3 Qxg2+ 49. Kxg2 Bd8 50. Bb2 Bxg5 51. Ra1 Bxe3 52. Ra6 Bd7 53. Ba3 Rh7
54. Ra8+ Kg7 55. Bf8+ Kf7 56. Ba3 Bh6 57. Ra7 Kg8 58. Ra8+ Kf7 $11 1/2-1/2

[Event "Open13 06/07"]
[Site "?"]
[Date "2006.12.02"]
[Round "2"]
[White "Torelli, Roger"]
[Black "Pleynet, Olivier"]
[Result "0-1"]
[WhiteElo "1780"]
[BlackElo "1925"]
[PlyCount "104"]

1. e4 d6 2. d4 g6 3. Nc3 Bg7 4. Be3 Nc6 5. Bc4 e5 6. d5 Nce7 7. Qd2 f5 8. f3
Nf6 9. Bh6 O-O 10. O-O-O fxe4 11. h4 $2 exf3 12. gxf3 Nf5 13. Bg5 Ng3 14. Rh2
Bf5 15. Nge2 Ngh5 16. Rg1 Qe8 17. Ng3 Nxg3 18. Rxg3 Nh5 19. Rg1 Qf7 20. Ne4 a6
21. Ng3 Nxg3 22. Rxg3 Kh8 23. Bh6 Bxh6 24. Qxh6 Qg7 25. Qg5 h6 26. Qd2 h5 27.
Rhg2 Kh7 28. Rg5 Qf6 29. R2g3 Rg8 30. Qg2 Raf8 31. Bd3 Bxd3 32. cxd3 Qf4+ 33.
Kc2 Qf6 34. Qe2 c6 35. dxc6 Rc8 36. Qe4 Rxc6+ 37. Kd1 Kh6 38. Qe3 Qf4 39. Qxf4
exf4 40. Rg2 Rc5 41. Rxc5 dxc5 42. Rg5 b6 43. Re5 g5 44. Re6+ Rg6 45. hxg5+
Kxg5 46. Rxg6+ Kxg6 47. Ke2 Kf5 48. Kf2 Ke5 49. Kg2 Kd4 50. Kh3 Kxd3 51. Kh4
Ke3 52. Kxh5 Kxf3 0-1

[Event "Open13 06/07"]
[Site "?"]
[Date "2006.12.02"]
[Round "2"]
[White "Porte, Jacques"]
[Black "Battaglia, Gerard"]
[Result "0-1"]
[WhiteElo "1505"]
[BlackElo "1890"]
[PlyCount "118"]

1. e4 e6 2. d3 d5 3. Nd2 c5 4. Ngf3 Nc6 5. g3 Nf6 6. Bg2 g6 7. O-O Bg7 8. c3
O-O 9. Re1 b5 10. e5 Nd7 11. d4 b4 12. Nf1 a5 13. Bf4 h6 14. h4 Ba6 15. N1h2
bxc3 16. bxc3 cxd4 17. cxd4 Nb4 18. Qd2 Nd3 19. Reb1 Nxf4 20. Qxf4 Rb8 21. Bf1
Bxf1 22. Nxf1 Qc7 23. Rc1 Qa7 24. a3 Rb3 25. Rc2 Rxf3 26. Qxf3 Qxd4 27. Rd1
Nxe5 28. Qe2 Qa4 29. Rc3 d4 30. Rcc1 Qxa3 31. Kg2 Qb4 32. f4 Qb7+ 33. Kf2 d3
34. Qd2 Qa7+ 35. Ne3 Ng4+ 36. Kf3 Nxe3 37. Qxe3 Qxe3+ 38. Kxe3 a4 39. Rc4 Ra8
40. Rd2 a3 41. Ra2 Rd8 42. Kd2 Bb2 43. Ra4 Kg7 44. Ra5 h5 45. R5xa3 Bxa3 46.
Rxa3 Kf6 47. Ra5 Rd5 48. Ra7 Rb5 49. Kxd3 Rb3+ 50. Ke4 Rxg3 51. Ra5 Rg4 52. Kf3
Rxh4 53. Kg3 Rg4+ 54. Kf3 Rg1 55. Kf2 Rd1 56. Kf3 Rd5 57. Ra4 h4 58. Kg4 Rh5
59. Kh3 Kf5 0-1

[Event "Open13 06/07"]
[Site "?"]
[Date "2006.12.02"]
[Round "2"]
[White "Mazeau, Geoffroy"]
[Black "Estevez, Ange"]
[Result "1-0"]
[WhiteElo "1837"]
[BlackElo "1780"]
[PlyCount "105"]

1. f4 d5 2. Nf3 Nf6 3. b3 g6 4. Bb2 Bg7 5. e3 a6 6. Be2 O-O 7. O-O c5 8. Qe1
Nc6 9. Qh4 d4 10. Na3 b5 11. Ng5 h6 12. Nh3 e6 13. Bf3 Bb7 14. exd4 cxd4 15. c4
dxc3 16. dxc3 Nd5 17. Qe1 Qb6+ 18. Kh1 Ne3 19. Rf2 Nf5 20. Rd2 Rad8 21. Nc2
Rxd2 22. Qxd2 Rd8 23. Qe1 Nce7 24. Bxb7 Qxb7 25. Rd1 Rxd1 26. Qxd1 Qd5 27. Qe2
Qc6 28. Nd4 Nxd4 29. cxd4 Qd5 30. Nf2 Bxd4 31. h3 Bxb2 32. Qxb2 Nf5 33. Ng4
Qd1+ 34. Kh2 Kf8 35. Qh8+ Ke7 36. Qf6+ Kd7 37. Qxf7+ Kc8 38. Qxe6+ Qd7 39.
Qxa6+ Qb7 40. Qxg6 Qxg2+ 41. Kxg2 Nh4+ 42. Kg3 Nxg6 43. Nxh6 b4 44. Nf5 Kd7 45.
Ne3 Ne7 46. Kg4 Ke8 47. Kg5 Kf7 48. h4 Nc6 49. h5 Kg7 50. h6+ Kh7 51. f5 Ne5
52. Ng4 Nd7 53. Nf6+ 1-0

[Event "Open13 06/07"]
[Site "?"]
[Date "2006.12.02"]
[Round "2"]
[White "Wallet, Patrick"]
[Black "Laurent, Yohan"]
[Result "0-1"]
[WhiteElo "1830"]
[BlackElo "1760"]
[PlyCount "46"]

1. d4 Nf6 2. c4 e5 3. dxe5 Ng4 4. Nf3 Nc6 5. e6 fxe6 6. Nc3 Bc5 7. e3 O-O 8.
Be2 b6 9. O-O Bb7 10. Ne4 Be7 11. h3 Nge5 12. Nxe5 Nxe5 13. Nc3 Bd6 14. e4 Qh4
15. Be3 Ng6 16. Bg4 Rf7 17. Bh5 Bxe4 18. Bxg6 Bxg6 19. Qe2 Raf8 20. Rad1 Bh5
21. g4 Qxh3 22. f3 Rxf3 23. Ne4 Rxf1+ 0-1

[Event "Open13 06/07"]
[Site "?"]
[Date "2006.12.02"]
[Round "2"]
[White "Mazzerbo, Olivier"]
[Black "Simone, Herve"]
[Result "0-1"]
[WhiteElo "1800"]
[BlackElo "1720"]
[PlyCount "104"]

1. f4 e6 2. Nf3 d5 3. e3 c5 4. Be2 Nc6 5. O-O Nf6 6. b3 Be7 7. Bb2 Bd7 8. Ne5
O-O 9. d3 d4 10. e4 Qc7 11. Bc1 Bd6 (11... Nxe5 12. fxe5 Ne8 (12... Qxe5 $4 13.
Bf4 $18) 13. Bf4 $11) 12. Ng4 Nxg4 13. Bxg4 f5 14. e5 $2 Bxe5 15. Be2 Bf6 16.
Nd2 e5 17. Bf3 exf4 18. Bd5+ Kh8 19. Nc4 Nb4 $4 (19... g5 $19) 20. Bxf4 Qd8 $2
21. Bxb7 Bc6 22. Bxa8 Bxa8 23. Rf2 Nd5 24. Qf1 g5 25. Bd2 f4 26. Re1 Ne3 27.
Bxe3 dxe3 28. Rf3 Bxf3 29. Qxf3 Qd4 30. Qe2 Kg7 31. Kh1 Kg6 32. h3 h5 33. Rc1
Rh8 34. c3 Qd5 35. Kg1 Rf8 36. a3 Rd8 37. b4 cxb4 38. cxb4 Qxd3 39. Qxd3+ Rxd3
40. Kf1 g4 41. hxg4 hxg4 42. Ke2 Rc3 43. Rxc3 Bxc3 44. b5 Bd4 45. a4 Kf6 46. a5
Ke6 47. a6 (47. b6 axb6 48. a6 b5 $19 49. Na3 f3+ 50. gxf3 g3 51. Nc2 (51. f4
g2 $19) 51... g2 52. Nxd4+ Ke5 53. a7 g1=Q 54. a8=Q Qf2+ 55. Kd3 Qd2#) 47...
Kd5 48. Na5 Bb6 49. Nc6 Ke4 50. Ne7 f3+ 51. gxf3+ gxf3+ 52. Kd1 e2+ 0-1

[Event "Open13 06/07"]
[Site "Vitrolles"]
[Date "2006.12.16"]
[Round "3"]
[White "Busson, Benoist"]
[Black "Anton, Jose"]
[Result "0-1"]
[WhiteElo "2053"]
[BlackElo "1977"]
[PlyCount "104"]

1. d4 Nf6 2. Nf3 d5 3. e3 e6 4. Bd3 c5 5. c3 Nc6 6. Nbd2 Bd6 7. O-O O-O 8. dxc5
Bxc5 9. e4 e5 10. Qe2 Bg4 11. exd5 Qxd5 12. Ne4 Nxe4 13. Bxe4 Qe6 14. Qb5 Qe7
15. Bxc6 bxc6 16. Qxc6 e4 17. Re1 Rfe8 18. Bg5 f6 19. Bh4 Rac8 20. Qd5+ Kh8 21.
h3 Rcd8 22. Qc4 Bh5 23. Nh2 g5 24. Bg3 f5 25. Nf1 f4 26. Bh2 Rc8 27. Qa4 Qb7
28. Qc2 Rb8 29. b4 Bb6 30. a3 Rbc8 31. Qb2 Qg7 32. Rac1 Rc4 33. Nd2 e3 34. fxe3
Rxe3 35. Rxe3 Bxe3+ 36. Kf1 Qd7 37. Nf3 Qd3+ 38. Ke1 Bxc1 39. Qxc1 Rxc3 40. Qb2
Qe3+ 41. Kd1 Bxf3+ 42. gxf3 Qxf3+ 43. Kd2 Qd3+ 44. Ke1 Qc2 45. Qxc2 Rxc2 46.
Bg1 a6 47. Kd1 Ra2 48. Bd4+ Kg8 49. Bf6 h6 50. h4 g4 51. Be5 f3 52. Bf4 h5 0-1

[Event "Open13 06/07"]
[Site "?"]
[Date "2007.01.13"]
[Round "4"]
[White "Anton, Jose"]
[Black "Lecoq-Bernard, Francois"]
[Result "1-0"]
[WhiteElo "1977"]
[BlackElo "2000"]
[PlyCount "39"]
[EventDate "2007.??.??"]

1. e4 e5 2. d4 exd4 3. c3 dxc3 4. Bc4 d6 (4... cxb2 5. Bxb2 d6 $17) 5. Nf3 Nc6
(5... cxb2 6. Bxb2 Nc6 $17) 6. O-O Nf6 $15 7. Qb3 Qd7 8. e5 $6 Ne4 $2 (8...
dxe5 $1 9. Re1 (9. Rd1 Bd6 10. Nxc3 Na5 11. Qb5 Nxc4 12. Qxc4 Qe6 $19 {
(ou 12...Qg4)}) 9... Bd6 10. Nxc3 O-O $19) 9. Re1 Na5 10. Bxf7+ Qxf7 11. Qa4+
Bd7 12. Qxa5 d5 $6 $16 (12... b6 13. e6 Qxe6 14. Qh5+ g6 15. Qh4 d5 (15... Be7
16. Qxe4 Qxe4 17. Rxe4 cxb2 18. Bxb2 Rf8 $16) 16. Nxc3 Bc6 $16) (12... cxb2 $5
13. Bxb2 d5 14. Nc3 (14. Qxc7 Bc5 15. Rxe4 dxe4 16. Qxb7 e3 $1 17. fxe3 (17.
Qxa8+ $4 Ke7 18. Qxh8 exf2+ 19. Kh1 f1=Q+ 20. Ng1 Qxg1#) 17... Bxe3+ 18. Kh1
O-O 19. Qe4 Bb6 $17) 14... c5 $14) 13. Nxc3 Nxc3 $2 (13... Bc6 14. Nxe4 dxe4
15. Nd4 b6 16. e6 Qf6 17. Bg5 bxa5 18. Bxf6 Bd5 19. Be5 $16) 14. Qxc3 $6 $16 (
14. e6 Bxe6 15. Ng5 Qd7 (15... Ne4 16. Rxe4 $1 $18 {
encore plus fort que 16.Nxf7}) 16. bxc3 c6 17. Rxe6+ $18) 14... O-O-O $2 (14...
Be6 15. Ng5 Qe7 $16) 15. e6 $1 $18 Bxe6 16. Ng5 Qd7 17. Nxe6 d4 18. Qh3 (18.
Qa5 Re8 19. Bf4 $18) 18... Re8 19. Bd2 Kb8 20. Nxf8 (20. Nc5 $1 Qd8 21. Rxe8
Qxe8 22. Nd7+ Ka8 23. Re1 Be7 (23... Qg6 24. Ne5 Qe8 25. Nf7 $18) 24. Qe6 $18)
(20. Nxf8 Rxe1+ 21. Rxe1 Qxh3 22. gxh3 Rxf8 23. Re7 $18 {
et les Blancs ont une pièce en plus}) 1-0

[Event "Open13 06/07"]
[Site "?"]
[Date "2007.01.13"]
[Round "4"]
[White "Milesi, Laurent"]
[Black "Robe, Pierre"]
[Result "1-0"]
[WhiteElo "2110"]
[BlackElo "1830"]
[PlyCount "61"]

1. e4 c6 2. d4 d5 3. Nd2 dxe4 4. Nxe4 Bf5 5. Ng3 Bg6 6. h4 h6 7. Nf3 Nd7 8. h5
Bh7 9. Bd3 Bxd3 10. Qxd3 e6 11. Bd2 Ngf6 12. O-O-O Bd6 13. Ne4 Nxe4 14. Qxe4
Nf6 15. Qe2 {
jusque là, les deux joueurs sont bien préparés : tout est théorique.} Qc7 16.
g3 O-O-O 17. c4 c5 18. Bc3 Rhe8 19. Ne5 b5 20. cxb5 cxd4 21. Rxd4 Bxe5 22. Rc4
Bxc3 23. Rxc7+ Kxc7 24. bxc3 Rd6 25. Rd1 Nd5 26. Qe5 f6 27. Qd4 Kb8 28. c4 Rc8
29. Kb2 e5 30. Qd3 e4 31. Qd4 1-0

[Event "Open13 06/07"]
[Site "?"]
[Date "2007.01.13"]
[Round "4"]
[White "Estevez, Eric"]
[Black "Busson, Benoist"]
[Result "0-1"]
[WhiteElo "1940"]
[BlackElo "2053"]
[PlyCount "108"]
[EventDate "2007.??.??"]

1. e4 e6 2. d4 d5 3. e5 c5 4. Nf3 (4. c3 {est le coup le plus joué} Nc6 5. Nf3
$11) 4... Nc6 5. Bd3 cxd4 6. O-O Qc7 7. Re1 h6 8. Nbd2 Bd7 9. Nb3 Nb4 10. Nbxd4
Nxd3 11. Qxd3 a6 12. Bd2 Rc8 13. a4 Ne7 14. b4 Qc4 15. b5 Ng6 16. h4 Be7 17. g3
Qxd3 18. cxd3 Bc5 19. Rac1 axb5 20. Nxb5 Bxb5 21. axb5 Kd7 22. d4 Ba3 23. Ra1
Ra8 24. Ra2 Be7 25. Rea1 Rxa2 26. Rxa2 $14 Rc8 27. h5 Nf8 28. Ra7 Kc7 29. Ra2
Kb6 30. Rb2 Rc4 $11 31. Kf1 Nd7 32. Ke2 Nf8 33. Kd3 Nh7 34. Bc3 Ng5 35. Nd2 Ra4
36. f4 Nh3 37. Nf3 Ra3 38. Kc2 $6 Nf2 $17 39. Nd2 Rxc3+ 40. Kxc3 Nd1+ 41. Kb3
Nxb2 42. Kxb2 Kxb5 43. g4 Bb4 44. Nf3 Kc4 45. g5 Kd3 46. Kb3 Be7 47. f5 exf5
48. Nh4 Ke4 $1 49. gxh6 gxh6 50. Ng6 f4 51. Kc3 f3 52. Kd2 Bb4+ 53. Kd1 Kxd4 (
53... fxg6 54. hxg6 Kd3 55. g7 f2 $19 {suivi du mat}) 54. Nh8 Kd3 {
le Pf ne peut plus être arrêté} 0-1

[Event "Open13 06/07"]
[Site "?"]
[Date "2007.01.13"]
[Round "4"]
[White "Nari, Damien"]
[Black "Lenfant, Francois"]
[Result "0-1"]
[WhiteElo "1755"]
[BlackElo "2106"]
[PlyCount "68"]

1. e4 e6 2. d4 d5 3. Nc3 Nf6 4. Bg5 Bb4 5. e5 h6 6. exf6 hxg5 7. fxg7 Rg8 8. h4
gxh4 9. Qh5 Qf6 10. Rxh4 Qxg7 11. O-O-O Bd7 12. Nce2 Nc6 13. f4 O-O-O 14. Qf3
Na5 15. g4 Nc4 16. Nh3 Kb8 17. Ng3 Be7 18. g5 c5 19. c3 cxd4 20. cxd4 Rc8 21.
Kb1 Ba4 22. b3 Na3+ 23. Kb2 Rc2+ 24. Ka1 Rgc8 25. Ne2 Bb5 26. Nhg1 Bb4 27. Rh3
Qg6 28. f5 Qxg5 29. Qg3+ Qxg3 30. Rxg3 e5 31. dxe5 d4 32. Nxd4 Rc1+ 33. Kb2
Rxd1 34. Bxb5 Rb1# 0-1